000 00406nam a2200145Ia 4500
008 230917s9999||||xx |||||||||||||| ||und||
040 _e214457
_aMAIN
041 _aEnglish
082 _a580 A35N
100 _aAzimova, Shakhnoza S, ed.
245 0 _aNatural compounds Flavonoids: Plant sources, structure and properties
260 _aNew York
_bSpringer
_c2013
300 _axxxvi, 661 p.
942 _cBK
999 _c175279
_d175279